East-West relations: (Record no. 13222)
[ view plain ]
| 000 -LEADER | |
|---|---|
| fixed length control field | 01029cam a2200289 4500 |
| 001 - CONTROL NUMBER | |
| control field | 763451 |
| 005 - DATE AND TIME OF LATEST TRANSACTION | |
| control field | 19910618124537.8 |
| 008 - FIXED-LENGTH DATA ELEMENTS--GENERAL INFORMATION | |
| fixed length control field | 690625s1969 nyu 001 0 eng |
| 010 ## - LIBRARY OF CONGRESS CONTROL NUMBER | |
| LC control number | 69016915 |
| 040 ## - CATALOGING SOURCE | |
| Original cataloging agency | DLC |
| Transcribing agency | DLC |
| Modifying agency | DLC |
| 041 1# - LANGUAGE CODE | |
| Language code of text/sound track or separate title | engger |
| 050 00 - LIBRARY OF CONGRESS CALL NUMBER | |
| Classification number | DD259.4 |
| Item number | .M2713 |
| 082 00 - DEWEY DECIMAL CLASSIFICATION NUMBER | |
| Classification number | 327.43 |
| Edition number | 20 |
| Item number | MAJ |
| 100 1# - MAIN ENTRY--PERSONAL NAME | |
| Personal name | Majonica, Ernst. |
| 9 (RLIN) | 10718 |
| 240 10 - UNIFORM TITLE | |
| Uniform title | <a href="Deutsche Aussenpolitik.">Deutsche Aussenpolitik.</a> |
| Language of a work | English |
| 245 10 - TITLE STATEMENT | |
| Title | East-West relations: |
| Remainder of title | a German view / |
| Statement of responsibility, etc | Ernst Majonica. |
| 260 ## - PUBLICATION, DISTRIBUTION, ETC. (IMPRINT) | |
| Place of publication, distribution, etc | New York: |
| Name of publisher, distributor, etc | Frederick Praeger, |
| Date of publication, distribution, etc | c.[1969]. |
| 300 ## - PHYSICAL DESCRIPTION | |
| Extent | xii, 240 p. |
| Dimensions | 22 cm. |
| 500 ## - GENERAL NOTE | |
| General note | Translation of Deutsche Aussenpolitik. |
| 500 ## - GENERAL NOTE | |
| General note | Includes Index. |
| 500 ## - GENERAL NOTE | |
| General note | Donations. |
| 500 ## - GENERAL NOTE | |
| General note | Donated By: Alaa Abdel Ghaney. |
| 650 #0 - SUBJECT ADDED ENTRY--TOPICAL TERM | |
| Topical term or geographic name as entry element | German reunification question (1949-1990) |
| 9 (RLIN) | 10719 |
| 651 #0 - SUBJECT ADDED ENTRY--GEOGRAPHIC NAME | |
| Geographic name | Germany (West) |
| General subdivision | Foreign relations. |
| 9 (RLIN) | 10720 |
| 942 ## - ADDED ENTRY ELEMENTS (KOHA) | |
| Source of classification or shelving scheme | Dewey Decimal Classification |
| Item type | Book - Borrowing |
| Withdrawn status | Item status | Source of classification or shelving scheme | Damaged status | Not for loan | Vendor | Home library | Current library | Shelving location | Date acquired | Source of acquisition | Total Checkouts | Full call number | Barcode | Date last seen | Koha item type | Public note |
|---|---|---|---|---|---|---|---|---|---|---|---|---|---|---|---|---|
| Dewey Decimal Classification | Central Library | Central Library | First floor | 31/01/2010 | 327.43 MAJ | 000019605 | 15/07/2025 | Book - Borrowing | Donated By: Alaa abdel ghaney. |